000 00454nam a2200169Ia 4500
003 GCL
008 140319s9999 xx 000 0 ara d
040 _aGCL /
_cGCL
082 0 4 _a274.8842
_bا ر
245 1 0 _aرجال الكتاب المقدس
260 _a[S.N] :
_bدار الثقافة العربية ،
_c1988
300 _a593 ص
490 _a
650 0 4 _aالعهد الجديد
650 0 4 _aالدين المسيحى
942 _2ddc
_cBK
999 _c27716
_d27716